[Event "Championnat de France - Open C"]
[Site "Caen"]
[Date "2011.08.25"]
[Round "9.6"]
[White "Joudelat, Noemie"]
[Black "Perrot, Pierre"]
[Result "1-0"]
[WhiteElo "1733"]
[BlackElo "1712"]
[PlyCount "73"]

1. e4 c6 2. d4 d5 3. e5 Bf5 4. Nc3 e6 5. g4 Bg6 6. Nge2 h6 7. h4 Nd7 8. f4 c5
9. Be3 cxd4 10. Bxd4 Ne7 11. Bf2 Nc6 12. a3 Be7 13. Qd2 f6 14. exf6 Nxf6 15.
Rg1 Ne4 16. Nxe4 Bxe4 17. g5 hxg5 18. fxg5 Ne5 19. Nd4 Qd7 20. O-O-O Nf3 21.
Nxf3 Bxf3 22. Be2 O-O 23. Bxf3 Rxf3 24. Bd4 b6 25. h5 Rf5 26. h6 e5 27. Be3 d4
28. Qg2 Rd8 29. g6 gxh6 30. Bxh6 Rh5 31. Rh1 Qf5 32. Rdf1 Bg5+ 33. Kb1 Rxh1 34.
Qxh1 Bf4 35. Bxf4 exf4 36. Qh7+ Kf8 37. g7+ 1-0

[Event "Championnat de France - Open C"]
[Site "Caen"]
[Date "2011.08.25"]
[Round "9.7"]
[White "Viot, Gabriel"]
[Black "Martineau, Arthur"]
[Result "0-1"]
[WhiteElo "1658"]
[BlackElo "1713"]
[PlyCount "86"]

1. d4 Nf6 2. c4 g6 3. Nf3 Bg7 4. g3 d5 5. cxd5 Nxd5 6. Bg2 Nb6 7. O-O c5 8.
dxc5 Qxd1 9. Rxd1 Na4 10. Nc3 Bxc3 11. bxc3 O-O 12. Bh6 Re8 13. Ne5 Nxc5 14.
Rd5 Nba6 15. Be3 Be6 16. Rxc5 Nxc5 17. Bxc5 Rac8 18. Bxa7 f6 19. Nd3 Rxc3 20.
h4 b5 21. Nf4 Bc4 22. Bc5 Rc2 23. Be4 Rxa2 24. Rxa2 Bxa2 25. Bd5+ Bxd5 26. Nxd5
Kf7 27. Kf1 e5 28. Ke1 Rc8 29. Bb4 Rc4 30. Ba5 h5 31. Ne3 Ra4 32. Bc3 b4 33.
Bb2 g5 34. hxg5 Ra2 35. Nd1 fxg5 36. Bxe5 Ke6 37. Bb2 b3 38. Kd2 h4 39. gxh4
gxh4 40. Ke3 Ra8 41. Kf3 Rg8 42. Ne3 h3 43. Ng4 Rxg4 0-1

[Event "Championnat de France - Open C"]
[Site "Caen"]
[Date "2011.08.25"]
[Round "9.8"]
[White "Bonas, Jean-Marie"]
[Black "Bricquir, Stephane"]
[Result "0-1"]
[WhiteElo "1712"]
[BlackElo "1703"]
[PlyCount "74"]

1. e4 c5 2. f4 d5 3. exd5 Nf6 4. c4 e6 5. dxe6 fxe6 6. Nf3 Bd6 7. Be2 O-O 8.
O-O Bxf4 9. Nc3 Nc6 10. d3 Bxc1 11. Qxc1 e5 12. Re1 Bg4 13. Qd1 Qd7 14. Ne4
Nxe4 15. dxe4 Rad8 16. Qd5+ Qxd5 17. cxd5 Bxf3 18. dxc6 Bxe2 19. Rxe2 b6 20.
Ree1 Kf7 21. Rad1 Ke7 22. Rd5 Rxd5 23. exd5 Kd6 24. Rf1 Rf6 25. Rf3 Rxf3 26.
gxf3 b5 27. Kf2 c4 28. Ke3 a5 29. Kd2 b4 30. a3 g5 31. Ke3 h5 32. h3 b3 33. Kd2
e4 34. fxe4 g4 35. e5+ Kc7 36. hxg4 hxg4 37. e6 Kd6 0-1

[Event "Championnat de France - Open C"]
[Site "Caen"]
[Date "2011.08.25"]
[Round "9.9"]
[White "Hocher, Eugene"]
[Black "Serre, Jean-Philippe"]
[Result "1-0"]
[WhiteElo "1793"]
[BlackElo "1749"]
[Annotator "Rivier,Sylvain"]
[PlyCount "56"]

1. d4 d5 2. c4 c6 3. Nc3 Nf6 4. Bf4 e6 5. cxd5 exd5 6. Bg5 Be7 7. Nf3 Nbd7 8.
e3 O-O 9. Bd3 Re8 10. O-O b5 11. Qc2 Bb7 12. h3 a6 13. Rac1 h6 14. Bf4 c5 15.
Qb1 c4 16. Bc2 b4 17. Ne2 Nb6 18. Ng3 Bd6 19. Ne5 Rc8 20. Nf5 Bb8 21. g4 Nfd7
22. Nxg7 Kxg7 23. Bxh6+ Kxh6 24. Nxf7+ Kg7 25. Nxd8 Rexd8 26. Bh7 Nf6 27. Bf5
Nbd7 28. Rfe1 {suite illisible} Ne5 1-0

[Event "Championnat de France - Open C"]
[Site "Caen"]
[Date "2011.08.25"]
[Round "9.10"]
[White "Nouhaud, Laurent"]
[Black "Chameret, Jean"]
[Result "0-1"]
[WhiteElo "1793"]
[BlackElo "1705"]
[PlyCount "78"]

1. f4 d6 2. Nf3 Nc6 3. e3 e5 4. fxe5 Nxe5 5. Nxe5 dxe5 6. Qf3 Bd6 7. Bc4 Qh4+
8. Qg3 Qxc4 9. Qxg7 Qh4+ 10. g3 Qf6 11. Qxf6 Nxf6 12. d4 exd4 13. exd4 Ng4 14.
O-O h5 15. Nc3 Be6 16. h3 Nh6 17. d5 Bxh3 18. Re1+ Kd7 19. Ne4 Ng4 20. c4 f5
21. c5 fxe4 22. cxd6 cxd6 23. Rxe4 Ne5 24. Kh2 Bg4 25. Rb4 b6 26. Bf4 Rhe8 27.
a4 Rab8 28. Rb3 Nf3+ 29. Kg2 Re2+ 30. Kf1 Nd2+ 31. Bxd2 Rxd2 32. a5 b5 33. Rc1
Rf8+ 34. Kg1 Rxd5 35. Rbc3 Rc5 36. Rxc5 dxc5 37. Rxc5 Rf5 38. Rc3 Rf3 39. Rc5
Rxg3+ 0-1

[Event "Championnat de France - Open C"]
[Site "Caen"]
[Date "2011.08.26"]
[Round "10.1"]
[White "Malassagne, Isabelle"]
[Black "Saucey, Capucine"]
[Result "0-1"]
[WhiteElo "1704"]
[BlackElo "1788"]
[PlyCount "91"]

1. e4 e5 2. Nf3 Nc6 3. d4 exd4 4. Nxd4 Bc5 5. Nxc6 Qf6 6. Qd2 bxc6 7. Nc3 Ne7
8. Bd3 d6 9. O-O O-O 10. Na4 Bb6 11. Nxb6 axb6 12. Qe2 Ng6 13. f4 Re8 14. c3
Qe7 15. Qf2 f6 16. Qg3 Ba6 17. c4 Nf8 18. Bd2 Nd7 19. Bb4 Qf7 20. b3 b5 21.
cxb5 Bxb5 22. Bxb5 cxb5 23. Qd3 Rab8 24. Rac1 c5 25. Qxd6 Rb6 26. Qd2 cxb4 27.
Rc7 Re7 28. Qxb4 Rbe6 29. Qxb5 Nf8 30. Rc8 Rxe4 31. a4 Re8 32. Rc6 Re2 33. a5
Qg6 34. Qd5+ Kh8 35. f5 Qg5 36. Rc3 Rd8 37. Qb7 Qd2 38. Rg3 Qd4+ 39. Kh1 Nd7
40. Qb5 Re5 41. Qa6 Qc5 42. Ra1 Rde8 43. Qf1 Rxf5 44. Rf3 Rxf3 45. Qxf3 Qxa5
46. Rd1 0-1

[Event "Championnat de France - Open C"]
[Site "Caen"]
[Date "2011.08.26"]
[Round "10.2"]
[White "Le Bail, Stephane"]
[Black "David, Sebastien"]
[Result "1/2-1/2"]
[WhiteElo "1776"]
[BlackElo "1763"]
[PlyCount "34"]

1. d4 Nf6 2. Bf4 g6 3. e3 Bg7 4. Nf3 O-O 5. c3 d5 6. Be2 c6 7. Nbd2 Nbd7 8. h3
Re8 9. Ne5 Nxe5 10. Bxe5 Nd7 11. Bxg7 Kxg7 12. c4 dxc4 13. Bxc4 e5 14. Nb3 Nb6
15. Be2 Qg5 16. g4 exd4 17. Qxd4+ Qe5 1/2-1/2

[Event "Championnat de France - Open C"]
[Site "Caen"]
[Date "2011.08.26"]
[Round "10.3"]
[White "Bricquir, Stephane"]
[Black "Ginovart, Axel"]
[Result "0-1"]
[WhiteElo "1703"]
[BlackElo "1793"]
[PlyCount "38"]

1. d4 d5 2. Nf3 c5 3. dxc5 e6 4. c4 Bxc5 5. cxd5 exd5 6. e3 Nf6 7. Bb5+ Nc6 8.
Qa4 O-O 9. O-O Qb6 10. Nbd2 Bf5 11. Bxc6 bxc6 12. Nd4 Bd7 13. N2f3 Bd6 14. Qc2
Ne4 15. Bd2 c5 16. Nb3 Bg4 17. Ba5 Qb5 18. Nfd2 c4 19. Nxe4 dxe4 0-1

[Event "Championnat de France - Open C"]
[Site "Caen"]
[Date "2011.08.26"]
[Round "10.4"]
[White "Joudelat, Noemie"]
[Black "Dubois, Marie"]
[Result "1/2-1/2"]
[WhiteElo "1733"]
[BlackElo "1755"]
[PlyCount "86"]

1. e4 c5 2. Nf3 d6 3. d4 cxd4 4. Nxd4 Nf6 5. Nc3 a6 6. h3 e5 7. Nb3 Be7 8. g4
h6 9. Bg2 Be6 10. Be3 b5 11. a3 Nbd7 12. O-O Rc8 13. Rc1 Nb6 14. Nd2 Nc4 15.
Nxc4 Bxc4 16. Re1 O-O 17. f4 Nd7 18. Qd2 exf4 19. Bxf4 Ne5 20. Nd5 Bh4 21. Red1
Bxd5 22. Qxd5 Nc4 23. b3 Qb6+ 24. Kh1 Ne3 25. Bxe3 Qxe3 26. Qxd6 Rfd8 27. Qxa6
Rxd1+ 28. Rxd1 Rxc2 29. Qa8+ Kh7 30. e5 Re2 31. Qf3 Qxf3 32. Bxf3 Re3 33. Kg2
Rxb3 34. Rd7 Rxa3 35. Rxf7 Re3 36. Rb7 Rxe5 37. Bc6 Re2+ 38. Kf3 Rh2 39. Rxb5
Rxh3+ 40. Ke2 Bg5 41. Be4+ Kg8 42. Bf5 Bf4 43. Rb4 Be5 1/2-1/2

[Event "Championnat de France - Open C"]
[Site "Caen"]
[Date "2011.08.26"]
[Round "10.5"]
[White "Martineau, Arthur"]
[Black "Hocher, Eugene"]
[Result "1-0"]
[WhiteElo "1713"]
[BlackElo "1793"]
[PlyCount "167"]

1. d4 d5 2. c4 c6 3. Nc3 Nf6 4. Nf3 e6 5. Bg5 Be7 6. e3 Nbd7 7. a3 h6 8. Bh4 a5
9. Bd3 Nb6 10. Ne5 O-O 11. c5 Nbd7 12. f4 Nxe5 13. fxe5 Ne8 14. Bxe7 Qxe7 15.
Qg4 f5 16. Qh5 Bd7 17. Na4 Nc7 18. Nb6 Be8 19. Qe2 Rb8 20. b4 axb4 21. axb4 Qg5
22. g3 Bh5 23. Qf2 Qe7 24. h4 Na8 25. Na4 b6 26. Ra3 bxc5 27. Nxc5 Rxb4 28. Qa2
Rbb8 29. Ra7 Nc7 30. Na6 Rbc8 31. Qa5 Rf7 32. Kd2 Qd8 33. Nc5 Qe8 34. Nb7 Nb5
35. Ra1 Rfc7 36. Bxb5 cxb5 37. Nc5 Rxa7 38. Qxa7 Qg6 39. Qd7 Re8 40. Ra7 Qg4
41. Nxe6 Qd1+ 42. Kc3 Qc1+ 43. Kb4 Qc4+ 44. Ka5 Qa4+ 45. Kb6 Rb8+ 46. Rb7 Rxb7+
47. Qxb7 Bf7 48. Nd8 Be8 49. Qxd5+ Kh7 50. Ne6 b4 51. Nc5 Qb5+ 52. Kc7 Qa5+ 53.
Kc8 Qb5 54. Qb7 Qc4 55. Kb8 Qg8 56. Qxb4 Ba4+ 57. Ka7 Bd1 58. e6 Bf3 59. Qb8
Bd5 60. Qxg8+ Kxg8 61. Kb6 Kf8 62. Kc7 Ke7 63. Kb6 Kd6 64. Kb5 Bf3 65. Kb4 Bd5
66. Kc3 Bc6 67. Kd3 Bb5+ 68. Kd2 Bc4 69. Ke1 g6 70. Kf2 Bd5 71. Nd3 Bc6 72. Nf4
Be8 73. Kf3 g5 74. Nd3 Bc6+ 75. Ke2 Bb5 76. Kd2 Bxd3 77. Kxd3 Kxe6 78. hxg5
hxg5 79. Kc4 Kd6 80. d5 Ke5 81. Kc5 Ke4 82. d6 Kxe3 83. d7 Kf3 84. d8=Q 1-0

[Event "Championnat de France - Open C"]
[Site "Caen"]
[Date "2011.08.26"]
[Round "10.6"]
[White "Soulier, Dominique"]
[Black "Rost, Pierre"]
[Result "1-0"]
[WhiteElo "1499"]
[BlackElo "1783"]
[PlyCount "83"]

1. e4 c5 2. Nc3 e6 3. g3 Ne7 4. Bg2 g6 5. d3 Bg7 6. Bd2 Nbc6 7. Rb1 d5 8. f4 a6
9. Nf3 b5 10. O-O O-O 11. exd5 exd5 12. Re1 Re8 13. h3 Qd6 14. a3 Bd7 15. Ne2
a5 16. Kh2 d4 17. Ne5 Be6 18. Ng1 Nxe5 19. Rxe5 Rac8 20. Re1 a4 21. Nf3 Bd5 22.
Nh4 Bxg2 23. Kxg2 Nd5 24. Qf3 b4 25. Kf2 bxa3 26. bxa3 Rb8 27. Rxe8+ Rxe8 28.
Ng2 Nf6 29. f5 gxf5 30. Qxf5 Re5 31. Qf3 Qe6 32. Bf4 Rd5 33. Re1 Qxh3 34. Ke2
Qg4 35. Qxg4 Nxg4 36. Kd2 Be5 37. Rb1 Bxf4+ 38. Nxf4 Re5 39. Rb8+ Kg7 40. Ra8
Re3 41. Rxa4 Rxg3 42. Nh5+ 1-0

[Event "Championnat de France - Open C"]
[Site "Caen"]
[Date "2011.08.26"]
[Round "10.7"]
[White "Chameret, Jean"]
[Black "Leblanc, Hubert"]
[Result "1-0"]
[WhiteElo "1705"]
[BlackElo "1763"]
[PlyCount "165"]

1. d4 Nf6 2. c4 e6 3. Nf3 d5 4. Nc3 Be7 5. Bg5 Nbd7 6. cxd5 exd5 7. e3 O-O 8.
Bd3 h6 9. Bh4 Re8 10. O-O c6 11. Qc2 Ne4 12. Bxe7 Qxe7 13. Rab1 a5 14. a3 b5
15. Ne2 Bb7 16. Ng3 Rac8 17. b4 axb4 18. axb4 Nxg3 19. hxg3 Ra8 20. Nd2 Ra4 21.
Qc3 Rea8 22. Bc2 Ra3 23. Rb3 Ra2 24. Rfb1 Nb6 25. Bd1 Nc4 26. Nxc4 dxc4 27.
R3b2 R2a3 28. Qc1 Qf6 29. Bf3 Bc8 30. Be4 Bf5 31. Bxf5 Qxf5 32. Qc2 Qxc2 33.
Rxc2 Ra1 34. Rbc1 Rxc1+ 35. Rxc1 Ra3 36. Kf1 Rb3 37. Ra1 Rxb4 38. Ra8+ Kh7 39.
Rc8 Rb3 40. Rxc6 c3 41. d5 b4 42. d6 Rb2 43. Rc4 Rd2 44. Rxb4 c2 45. Rc4 Rxd6
46. Rxc2 g6 47. Ke2 Kg7 48. g4 g5 49. g3 Kg6 50. Rc8 Rb6 51. Rd8 Ra6 52. f4
gxf4 53. gxf4 Ra3 54. Kf3 Ra1 55. Rd6+ Kg7 56. Rd5 Kg6 57. Rd6+ Kg7 58. Ke4 Ra5
59. Rd5 Ra4+ 60. Kf5 Ra3 61. e4 Re3 62. Rd7 Re1 63. e5 Re2 64. g5 hxg5 65. Kxg5
Rg2+ 66. Kf5 Re2 67. Rd1 Rb2 68. Rg1+ Kf8 69. Kg5 Ke7 70. Re1 Rf2 71. Kf5 Rb2
72. Ra1 Rf2 73. Ra7+ Ke8 74. Kg5 Rf1 75. f5 Rg1+ 76. Kf6 Rf1 77. Re7+ Kf8 78.
Rxf7+ Ke8 79. Ra7 Re1 80. Ke6 Kf8 81. f6 Kg8 82. f7+ Kg7 83. f8=Q+ 1-0

[Event "Championnat de France - Open C"]
[Site "Caen"]
[Date "2011.08.26"]
[Round "10.8"]
[White "Hoerdt, Audran"]
[Black "Tobitt-Jupillat, Eric"]
[Result "0-1"]
[WhiteElo "1707"]
[BlackElo "1706"]
[PlyCount "56"]

1. e4 e5 2. Nc3 Nf6 3. f4 d6 4. Nf3 Nc6 5. Bb5 exf4 6. d4 a6 7. Bxc6+ bxc6 8.
Bxf4 Be7 9. O-O O-O 10. Qd3 a5 11. Nb1 Ba6 12. c4 d5 13. exd5 cxd5 14. b3 dxc4
15. bxc4 Nd5 16. Ne5 Nxf4 17. Rxf4 Bd6 18. Re4 Re8 19. Nc6 Qf6 20. Nxa5 Qh6 21.
Nd2 Bxh2+ 22. Kf2 Rxe4 23. Nxe4 Bc8 24. Nb3 Bf5 25. Qf3 Qh4+ 26. Ng3 Re8 27.
Nd2 Bxg3+ 28. Qxg3 Qxd4+ 0-1

[Event "Championnat de France - Open C"]
[Site "Caen"]
[Date "2011.08.26"]
[Round "10.9"]
[White "Rocland, Christophe"]
[Black "Cepisul, Desire"]
[Result "0-1"]
[WhiteElo "1701"]
[BlackElo "1772"]
[PlyCount "70"]

1. d4 d5 2. e4 dxe4 3. Nc3 e6 4. Nxe4 c6 5. Nf3 Nf6 6. Bd3 Be7 7. O-O O-O 8.
Re1 Nbd7 9. c4 c5 10. Nxf6+ Nxf6 11. Bg5 h6 12. Bh4 b6 13. d5 exd5 14. cxd5
Nxd5 15. Be4 Bxh4 16. Bxd5 Rb8 17. Qb3 Bf6 18. Rad1 Qc7 19. Qc2 Bb7 20. Bxb7
Qxb7 21. b3 Rbd8 22. h3 Rfe8 23. Rxe8+ Rxe8 24. Qc4 Re4 25. Qb5 a6 26. Rd7 axb5
27. Rxb7 Re6 28. Rb8+ Kh7 29. Kf1 Bc3 30. Rb7 f6 31. g4 c4 32. Nh4 Bb4 33. Rc7
c3 34. Nf5 Bc5 35. Nxg7 Re7 0-1

[Event "Championnat de France - Open C"]
[Site "Caen"]
[Date "2011.08.26"]
[Round "10.10"]
[White "Roussette, Stephane"]
[Black "Viot, Gabriel"]
[Result "0-1"]
[WhiteElo "1749"]
[BlackElo "1658"]
[PlyCount "80"]

1. e4 e5 2. Nf3 Nc6 3. Bb5 a6 4. Ba4 Nf6 5. d3 b5 6. Bb3 Be7 7. O-O d6 8. c3
O-O 9. Nbd2 Na5 10. Bc2 c5 11. Re1 Bg4 12. h3 Bh5 13. Nf1 Rc8 14. Ng3 Bg6 15.
Be3 Nc6 16. Qe2 Rb8 17. Nh4 Nd7 18. Nxg6 fxg6 19. Bb3+ Kh8 20. Bd5 Qc7 21. Rad1
Nb6 22. d4 c4 23. Bxc6 Qxc6 24. Qg4 Bf6 25. d5 Qc7 26. Rf1 Nd7 27. f4 exf4 28.
Bxf4 Ne5 29. Bxe5 Bxe5 30. Ne2 b4 31. Nd4 Bf6 32. Qf4 bxc3 33. bxc3 Rb2 34. Ne6
Qb6+ 35. Kh1 h6 36. g4 Be5 37. Nxf8 Bxf4 38. Nxg6+ Kh7 39. Nxf4 Qe3 40. Rde1
Qg3 0-1

[Event "Championnat de France - Open C"]
[Site "Caen"]
[Date "2011.08.27"]
[Round "11.1"]
[White "Saucey, Capucine"]
[Black "Ginovart, Axel"]
[Result "0-1"]
[WhiteElo "1788"]
[BlackElo "1793"]
[PlyCount "88"]

1. e4 c5 2. c3 Nf6 3. e5 Nd5 4. d4 cxd4 5. cxd4 d6 6. Nf3 Nc6 7. Nc3 dxe5 8.
Bb5 Nxc3 9. bxc3 exd4 10. Bxc6+ bxc6 11. cxd4 Ba6 12. Ne5 Qd5 13. Qf3 Rc8 14.
Bd2 f6 15. Qxd5 cxd5 16. Ng4 Rc4 17. f3 Rxd4 18. Be3 Ra4 19. Bxa7 Bc4 20. Bc5
Rxa2 21. Rxa2 Bxa2 22. O-O e5 23. Bxf8 Rxf8 24. Ra1 Bb3 25. Ne3 d4 26. Nf5 g6
27. Ng3 Bd5 28. Ra5 Bc6 29. Ra6 Bd7 30. Ne4 Ke7 31. Kf2 f5 32. Nc5 Rc8 33. Ra5
Bc6 34. Nd3 e4 35. fxe4 fxe4 36. Nb4 Kd6 37. Nc2 Rf8+ 38. Ke1 d3 39. Ne3 Rb8
40. Ra1 Ke5 41. Kd2 Kd4 42. Nd1 Rf8 43. Ra6 e3+ 44. Nxe3 Rf2+ 0-1

[Event "Championnat de France - Open C"]
[Site "Caen"]
[Date "2011.08.27"]
[Round "11.2"]
[White "David, Sebastien"]
[Black "Martineau, Arthur"]
[Result "1/2-1/2"]
[WhiteElo "1763"]
[BlackElo "1713"]
[PlyCount "170"]

1. d4 Nf6 2. c4 g6 3. Nf3 d5 4. cxd5 Nxd5 5. g3 Bg7 6. Bg2 Nb6 7. O-O Nc6 8. e3
e5 9. dxe5 Qxd1 10. Rxd1 Nxe5 11. Nxe5 Bxe5 12. Na3 c6 13. Rb1 O-O 14. b3 Bg4
15. f3 Be6 16. e4 Rad8 17. Bh6 Bg7 18. Bxg7 Kxg7 19. Kf2 f5 20. f4 fxe4 21.
Bxe4 Bg4 22. Rxd8 Rxd8 23. Rb2 Rd4 24. Bf3 Bxf3 25. Kxf3 Kf6 26. Re2 a6 27. Nc2
Rd3+ 28. Ke4 Rd7 29. Ne3 Nd5 30. Ng4+ Kg7 31. Kf3 Nc3 32. Rc2 Nb5 33. Ke3 Nd4
34. Rb2 Nf5+ 35. Kf2 Rd5 36. Ne5 g5 37. Kf3 gxf4 38. gxf4 Nd4+ 39. Ke4 Kf6 40.
Ng4+ Ke6 41. Ne3 Rd7 42. f5+ Kf6 43. Ng4+ Ke7 44. Ne5 Rd5 45. Rg2 Kf6 46. Ng4+
Kf7 47. Ne3 Rd7 48. h4 Nb5 49. Ke5 Re7+ 50. Kf4 Nd6 51. Ng4 Re1 52. Rd2 Rf1+
53. Ke5 Nxf5 54. Rd7+ Ne7 55. Rxb7 Ra1 56. a4 Re1+ 57. Kd6 Rd1+ 58. Kc5 Ke6 59.
Kb6 Rd4 60. Nh6 Nd5+ 61. Kxc6 Rxh4 62. Rxh7 Rh3 63. Nf7 Ne7+ 64. Kb6 Rxb3+ 65.
Kxa6 Rb4 66. Nd8+ Kd7 67. Ka5 Re4 68. Nb7 Re5+ 69. Kb6 Ke6 70. a5 Re1 71. Nc5+
Kd6 72. Rh6+ Kd5 73. Rh5+ Kd6 74. Nb7+ Kd7 75. a6 Rb1+ 76. Ka7 Nc6+ 77. Ka8 Rb6
78. Rh7+ Kc8 79. Rh8+ Kd7 80. Nc5+ Kd6 81. Ne4+ Ke7 82. a7 Nxa7 83. Kxa7 Rb4
84. Rh7+ Ke6 85. Nc3 Rb3 1/2-1/2

[Event "Championnat de France - Open C"]
[Site "Caen"]
[Date "2011.08.27"]
[Round "11.3"]
[White "Malassagne, Isabelle"]
[Black "Le Bail, Stephane"]
[Result "1-0"]
[WhiteElo "1704"]
[BlackElo "1776"]
[Annotator "Rivier,Sylvain"]
[PlyCount "59"]

1. e4 e5 2. Nf3 Nc6 3. d4 exd4 4. Nxd4 Bc5 5. Nxc6 Qf6 6. Qd2 Qxc6 7. Nc3 Bb4
8. Bd3 Bxc3 9. bxc3 Ne7 10. O-O O-O 11. c4 Qf6 12. Rb1 Ng6 13. Bb2 Qf4 14. Qc3
f6 15. Qa5 b6 16. Qd5+ Kh8 17. Qxa8 Nh4 18. e5 c6 19. exf6 Nf3+ 20. gxf3 gxf6
21. Be2 Qc7 22. Kh1 Kg7 23. Rg1+ Kf7 24. Bd4 Re8 25. Bd1 Qd6 26. Be3 Qc7 27. a4
Ba6 28. Rg7+ Kxg7 29. Qxe8 Bxc4 {suite illisible} 30. Be2 1-0

[Event "Championnat de France - Open C"]
[Site "Caen"]
[Date "2011.08.27"]
[Round "11.4"]
[White "Dubois, Marie"]
[Black "Chameret, Jean"]
[Result "1/2-1/2"]
[WhiteElo "1755"]
[BlackElo "1705"]
[PlyCount "111"]

1. d4 d5 2. c4 e6 3. Nc3 Nf6 4. cxd5 exd5 5. Bg5 Nbd7 6. e3 Be7 7. Bd3 O-O 8.
Qc2 Re8 9. Nge2 c6 10. f3 Nf8 11. Bh4 Ng6 12. Bf2 Bd6 13. Rc1 Be6 14. O-O Rc8
15. Kh1 Qd7 16. Na4 Qc7 17. Nc5 Bxc5 18. Qxc5 Ne7 19. b4 Bf5 20. Bxf5 Nxf5 21.
e4 b6 22. Qc2 dxe4 23. fxe4 Ng4 24. e5 Nfe3 25. Qe4 Nxf1 26. Qxg4 Nxh2 27. Kxh2
Qe7 28. a3 Qe6 29. Qxe6 Rxe6 30. Rc3 Kf8 31. Bg3 Ra8 32. Nf4 Rh6+ 33. Kg1 a5
34. bxa5 Rxa5 35. Kf2 Ke7 36. Nd3 Kd7 37. Nb4 Rg6 38. Rf3 f6 39. e6+ Kxe6 40.
Nxc6 Rd5 41. Re3+ Kd7 42. Ne7 Rxg3 43. Nxd5 Rg5 44. Nxb6+ Kc7 45. Nc4 Kc6 46.
Rb3 Kd5 47. Rb5+ Kxc4 48. Rxg5 fxg5 49. Ke3 h5 50. Ke4 g4 51. a4 h4 52. a5 h3
53. gxh3 gxh3 54. Kf3 Kb5 55. Kg3 Kxa5 56. Kxh3 1/2-1/2

[Event "Championnat de France - Open C"]
[Site "Caen"]
[Date "2011.08.27"]
[Round "11.5"]
[White "Tobitt-Jupillat, Eric"]
[Black "Joudelat, Noemie"]
[Result "0-1"]
[WhiteElo "1706"]
[BlackElo "1733"]
[PlyCount "96"]

1. e4 c5 2. Nf3 Nc6 3. d4 cxd4 4. Nxd4 g6 5. Nc3 Bg7 6. Be3 Nf6 7. Bc4 d6 8. f3
Bd7 9. Bb3 O-O 10. Qd2 Nxd4 11. Bxd4 b5 12. O-O Bc6 13. Rae1 a6 14. f4 Rb8 15.
e5 Ne8 16. e6 Bxd4+ 17. Qxd4 f5 18. Nd5 Nf6 19. Nxf6+ Rxf6 20. Kh1 Qb6 21. Qd2
Rc8 22. Re3 Be4 23. Rc3 Rxc3 24. Qxc3 d5 25. Qc8+ Kg7 26. a4 b4 27. Qd7 Qxe6
28. Qxe6 Rxe6 29. Rd1 Rd6 30. a5 d4 31. Kg1 Kf6 32. Kf2 g5 33. g3 gxf4 34. gxf4
e5 35. c3 bxc3 36. bxc3 d3 37. fxe5+ Kxe5 38. Bc4 Kf4 39. Rd2 Ke5 40. Rd1 f4
41. Ke1 f3 42. Rd2 Kf4 43. Kf2 h6 44. h3 Bf5 45. h4 Rg6 46. Ke1 Bh3 47. Kf2
Rg2+ 48. Ke1 Rg1+ 0-1

[Event "Championnat de France - Open C"]
[Site "Caen"]
[Date "2011.08.27"]
[Round "11.6"]
[White "Cepisul, Desire"]
[Black "Soulier, Dominique"]
[Result "1/2-1/2"]
[WhiteElo "1772"]
[BlackElo "1499"]
[Annotator "Rivier,Sylvain"]
[PlyCount "82"]

1. d4 Nf6 2. c4 c5 3. d5 b5 4. cxb5 a6 5. Nc3 d6 6. e4 g6 7. Nf3 Bg7 8. e5 Nfd7
9. e6 fxe6 10. Ng5 Nf6 11. Nxe6 Bxe6 12. dxe6 O-O 13. Bc4 axb5 14. Bxb5 Na6 15.
O-O Nc7 16. Qe2 Nxb5 17. Nxb5 Qb6 18. Bg5 d5 19. a4 d4 20. Qc4 h6 21. Bh4 g5
22. Bg3 Rfc8 23. Rfe1 Rc6 24. Re2 Ra6 25. Rae1 Qd8 26. Re5 Qb6 27. R5e2 Ra8 28.
Rc1 Rd8 29. Re5 Rdc8 30. Re2 Rd8 31. Be5 Nh5 32. Bxg7 Kxg7 33. g3 Nf6 34. Re5
d3 35. Rd1 d2 36. Re2 Qa5 37. b3 Rd5 38. Qc3 Qxc3 39. Nxc3 Rd3 40. Re3 Rcd6 41.
Rxd3 Rxd3 {suite illisible} 1/2-1/2

[Event "Championnat de France - Open C"]
[Site "Caen"]
[Date "2011.08.27"]
[Round "11.7"]
[White "Oltra, Alexandre"]
[Black "Bricquir, Stephane"]
[Result "1-0"]
[WhiteElo "1743"]
[BlackElo "1703"]
[PlyCount "95"]

1. d4 Nf6 2. Nf3 e6 3. Bg5 Be7 4. e3 b6 5. Nbd2 Bb7 6. Bd3 d6 7. O-O Nbd7 8. c3
h6 9. Bxf6 Nxf6 10. Qb1 O-O 11. h3 c5 12. a4 Qc7 13. b4 Rfc8 14. a5 Bxf3 15.
Nxf3 c4 16. Be4 d5 17. Bc2 Bd6 18. e4 dxe4 19. Bxe4 Nd5 20. Bxd5 exd5 21. Qf5
Qc6 22. Rfb1 b5 23. Re1 Re8 24. Kf1 Rad8 25. g4 Bb8 26. g5 g6 27. Qf6 Qd7 28.
Kg2 h5 29. Rad1 Qc8 30. Ne5 Bxe5 31. Rxe5 Qd7 32. Rde1 Rxe5 33. Qxe5 Qd6 34.
Qxd6 Rxd6 35. Re7 a6 36. Rb7 Kf8 37. h4 Ke8 38. Rb8+ Ke7 39. Kf3 f6 40. Rb7+
Ke6 41. gxf6 Kxf6 42. Rb6 Ke6 43. Rxd6+ Kxd6 44. Kf4 Ke6 45. Kg5 Kf7 46. f4 Kg7
47. f5 gxf5 48. Kxf5 1-0

[Event "Championnat de France - Open C"]
[Site "Caen"]
[Date "2011.08.27"]
[Round "11.8"]
[White "Viot, Gabriel"]
[Black "Perrot, Pierre"]
[Result "0-1"]
[WhiteElo "1658"]
[BlackElo "1712"]
[PlyCount "68"]

1. e4 c6 2. d4 d5 3. exd5 cxd5 4. c4 Nf6 5. Nc3 e6 6. Nf3 Bb4 7. Be2 Ne4 8. Qc2
Nc6 9. O-O Nf6 10. Bg5 dxc4 11. Bxc4 O-O 12. d5 Na5 13. Bd3 h6 14. Bh4 exd5 15.
Nd4 Bxc3 16. Qxc3 Qb6 17. Bxf6 Qxf6 18. Rac1 Bd7 19. Rfd1 b6 20. Bb1 Rfc8 21.
Qd3 g6 22. b4 Nc4 23. Qg3 Nd2 24. Rxc8+ Rxc8 25. Qe3 Nxb1 26. Rxb1 Bf5 27. Nxf5
Qxf5 28. Rd1 Qc2 29. Qd4 Qxa2 30. h3 Qc4 31. Qxd5 Qxb4 32. Qb7 Re8 33. Kh2 a5
34. Rd7 Qf4+ 0-1

[Event "Championnat de France - Open C"]
[Site "Caen"]
[Date "2011.08.27"]
[Round "11.9"]
[White "Rost, Pierre"]
[Black "Tempestini, Marc"]
[Result "0-1"]
[WhiteElo "1783"]
[BlackElo "1699"]
[PlyCount "70"]

1. e4 c5 2. Nf3 e6 3. d4 cxd4 4. Nxd4 Nf6 5. Nc3 d6 6. Bd3 a6 7. O-O Nbd7 8. a4
Be7 9. Bd2 Qc7 10. Rb1 b6 11. b4 Bb7 12. f4 O-O 13. Kh1 Rfd8 14. Qe2 g6 15. f5
exf5 16. exf5 Ne5 17. fxg6 hxg6 18. Ne4 Nxe4 19. Bxe4 Bxe4 20. Qxe4 Kg7 21. Qf4
Qc4 22. Qh6+ Kg8 23. Rf4 Bf8 24. Qg5 Rd7 25. Nf5 Qxc2 26. Rff1 Nc4 27. Bf4 Qxf5
28. Qg3 Qh5 29. Qd3 b5 30. a5 Bg7 31. Rbe1 Ne5 32. Qe4 Rc8 33. Rc1 Rxc1 34.
Qa8+ Kh7 35. Rxc1 Nd3 0-1

[Event "Championnat de France - Open C"]
[Site "Caen"]
[Date "2011.08.27"]
[Round "11.10"]
[White "Hocher, Eugene"]
[Black "Julien, Jules-Alois"]
[Result "0-1"]
[WhiteElo "1793"]
[BlackElo "1645"]
[Annotator "Rivier,Sylvain"]
[PlyCount "38"]

1. d4 Nf6 2. c4 e6 3. Nf3 b6 4. g3 Bb7 5. Bg2 d5 6. Ne5 Nbd7 7. Qa4 c6 8. Nxc6
Bxc6 9. Qxc6 Rc8 10. Qb7 Rxc4 11. Be3 Bb4+ 12. Nc3 Rxc3 13. Bd2 Rc4 14. Bxb4
Rxb4 15. Rc1 O-O 16. O-O Rc4 17. Rxc4 dxc4 18. Qxa7 Qb8 19. Qa6 Rc8 {suite
illisible} 0-1